[Event "Loire Cup"]
[Site "Loire"]
[Date "2015.05.10"]
[Round "1.4"]
[White "Grasso, Michel"]
[Black "Frey, Thierry"]
[Result "0-1"]
[WhiteElo "1399"]
[BlackElo "1841"]
[PlyCount "60"]
[EventDate "2015.05.10"]
[EventType "team-swiss"]
[EventRounds "3"]
[EventCountry "FRA"]
[SourceTitle "EXT 2016"]
[Source "ChessBase"]
[SourceDate "2015.10.08"]
[SourceVersion "1"]
[SourceVersionDate "2015.10.08"]
[SourceQuality "1"]
[WhiteTeam "Aurec II"]
[BlackTeam "EDR"]
[WhiteTeamCountry "FRA"]
[BlackTeamCountry "FRA"]

1. e4 d6 2. Nf3 Nf6 3. Nc3 g6 4. Bc4 Bg7 5. 0-0 0-0 6. d4 Nxe4 7. Nxe4 d5 8. Bd3 dxe4 9. Bxe4 Nc6 10. c3 Bd7 11. Be3 Na5 12. b3 c5 13. Rc1 cxd4 14. cxd4 Rc8 15. b4 Nc4 16. Rc2 Ba4 17. Qd3 Bxc2 18. Qxc2 Nxe3 19. Qd3 Nxf1 20. Kxf1 Rc1+ 21. Ne1 Qxd4 22. Qxd4 Bxd4 23. Ke2 Rxe1+ 24. Kxe1 b6 25. Ke2 Rc8 26. Kd3 Bxf2 27. a4 f5 28. Bb7 Rc7 29. Bd5+ Kg7 30. b5 Kf6 0-1